01000nam a2200253 i 450000100060000000300090000600500170001500700030003200800410003502000180007608000110009410000270010524501410013225000360027326000460030930000280035549000560038365000370043970000340047683000640051085200330057499900170060795201220062432048ES-MaACL20250901054729.0t|021129s2002 sp ||||1| spa d a84-7658-618-3 a141.721 aCirillo, Lidia.93889510aMejor huérfanas b: por una crítica feminista al pensamiento de la diferencia / cLidia Cirillo ; prólogo de Luisa Posada Kubissa. a1ª ed. en Anthropos Editorial. aRubí (Barcelona) : bAnthropos, c2002. aXVII, 163 p. ; c20 cm.1 aPensamiento crítico/pensamiento utópico ; v12117aTeoría feminista2embne9174761 aPosada Kubissa, Luisa.9933310 aPensamiento crítico/pensamiento utópico ; v1219177290 aES-MaACLjL-26088 bR.131903 c32048d32048 00104070aATENEOMbATENEOMcDEPO2d2008-01-17eSCl0oL-26088p1033161r2023-02-23 00:00:00w2023-02-23yMONOGRAFIA